Desigualdad y pobreza en América Latina /

Guardado en:
書目詳細資料
主要作者: Lustig, Nora
格式: Texto
出版: México: FLACSO
標簽: 添加標簽
沒有標簽, 成為第一個標記此記錄!

MARC

LEADER 00000 a a2200000 04500
001 46324
003
040
100 |a Lustig, Nora  
245 |a Desigualdad y pobreza en América Latina /  |c Nora Lustig  
260 |a México:   |b FLACSO  
773 |g 89-116 páginas  
999 |c 22483  |d 22483